Geography Quiz

Random Geography or State Quiz

US States Without Dunkin' Donuts Quiz Stats

 Plays Quiz Updated Jan 27, 2018

Score 0/8 Timer 01:00
0 Plays Today
Answer % Correct
Alaska
82.8%
Montana
82.2%
North Dakota
80.3%
Idaho
79.7%
South Dakota
78.9%
Wyoming
76.8%
Washington
67.5%
Oregon
67.2%

You're not logged in!

Compare scores with friends on all Sporcle quizzes.
OR
Log In

You Might Also Like...

Show Comments

Extras

Top Quizzes Today


Score Distribution

Your Account Isn't Verified!

In order to create a playlist on Sporcle, you need to verify the email address you used during registration. Go to your Sporcle Settings to finish the process.

Report this User

Report this user for behavior that violates our Community Guidelines.

Details: